| 000 | 004560000a22001930004500 | ||
|---|---|---|---|
| 999 |
_c48767 _d48767 |
||
| 001 | 1609 | ||
| 003 | CO-MdFUSB | ||
| 005 | 20171115160637.0 | ||
| 008 | 171115b xxu||||| |||| 00| 0 eng d | ||
| 020 | _a958-04-6687-4 | ||
| 040 | _cCO-MdBIC | ||
| 082 | 0 | 4 | _a410 Av55t |
| 100 | 1 | _aÁvila, Fernando | |
| 245 | 1 | 0 | _aDónde va la tilde / Fernando Ávila |
| 260 | _aBogotá : Norma | ||
| 300 | _a189 P. | ||
| 650 | 1 | 4 | _aEspañol - Gramática |
| 942 | _cLGB | ||